| 000 | 00604nam a2200181 a 4500 | ||
|---|---|---|---|
| 001 | 000036422 | ||
| 005 | 20200930075725.0 | ||
| 008 | 120117s1993 sp a 000 0 spa d | ||
| 020 | _a848088231X | ||
| 040 |
_aDO-SdBNP _bspa _cBNPHU |
||
| 082 |
_axxxx _bS685e |
||
| 100 | 1 |
_aSoler, Pere _962633 |
|
| 245 | 1 | 0 |
_aEstrategia de comunicación en publicidad y relaciones públicas. / _cPere Soler; prólogo de Joaquín Lorente. |
| 260 |
_aBarcelona : _bGestión 2000, _c1993. |
||
| 300 |
_a154 p. : _bil., retr. ; _c23 cm. |
||
| 504 | _aBibliografía : p. 153-154 | ||
| 700 | 1 |
_aLorente, Joaquín, _epról. _962634 |
|
| 999 |
_c35913 _d35913 |
||